1068 1941 1902 1713 1234 1359 1509 1119 1009 1207 1274 1959 1459 1417 1050 1539 1828 1186 1440 1643 1165 1806 1891 1401 1931 1158 1588 1524 1324 1909 1467 1493 1927 1024 1579 1041 1670 1418 1771 1462 1427 1907 1737 1061 1372 1434 1417 1134 1607 1709 1826 1931 1597 1056 1167 1069 1138 1610 1406 1935 1641 1618 1296 1401 1910 1088 1861 1230 1367 1825 1805 1128 1869 1818 1409 1054 1121 1107 1423 1320 1618 1067 1427 1936 1585 1328 1653 1332 1193 1797 1902 1652 1523 1440 1267 1279 1170 1364 1646 BCNSPRNW ULIB Ver.6.0+V

เปลี่ยนเป็นภาษาไทย

Change to English
 แสดงรายละเอียดบรรณานุกรม
  กลับหน้าหลัก

Brief Record : Get Marc (ISO 2709) : E-mail record : QR code < ปิดหน้าต่าง
LEADER : 00000nam 2200000uu 4500
001    13399123042
003     ULIB
008    131128s2555||||th 000 0 tha d
020    ^a9786162142932
090    ^aนว.^bพ187พ ล.39
100 0  ^aพนมเทียน
245 10 ^aเพชรพระอุมา: นาคเทวี เล่ม 3/^cพนมเทียน
250    ^aพิมพ์รวมเล่มครั้งที่ 6
260    ^aกรุงเทพฯ :^bณ บ้านวรรณกรรม,^c2555
300    ^a342 หน้า
505 00 ^a^gล.1-4^tไพรมหากาฬ --^gล.5-8^tดงมรณะ -- ^gล.9-12^tจอมผีดิบมันตรัย -- ^gล.13-16^tอาถรรพณ์นิทรานคร -- ^gล.17-20^tป่าโลกล้านปี -- ^gล.21-24^tแงซายจอมจักรา -- ^gล.25-28^tจอมพราน -- ^gล.29-32^tไอ้งาดำ -- ^gล.33-36^tจิตรางคนางค์-- ^gล.37-40^tนาคเทวี -- ^gล.41-44^tแด่ปางบรรพ์ -- ^gล.45-48^tมงกุฎไพร
650  4 ^aนวนิยายไทย
945    ^p225^l0^i034243
999    ทศพร
รายการนี้ยังไม่มีแท็ก
คุณยังไม่ได้ล็อกอิน คุณสามารถมีกิจกรรมร่วมกับเว็บไซต์ได้ แต่ต้องล็อกอินก่อน ::
  ล็อกอิน

รายการสื่อสารสนเทศ

ลำดับที่ ประเภท เลขเรียก/บาร์โค้ด สถานที่ สถานะ
1. นวนิยาย
นวนิยาย
นว. พ187พ ล.39 ฉ.1 
  Barcode: 034243
ห้องสมุดวิทยาเขตสวรรค์ประชารักษ์
►นวนิยาย
บนชั้น
  ขอยืม

รายการใกล้เคียง
    ผู้แต่ง [พนมเทียน]

    หัวเรื่อง [นวนิยายไทย]

BibComment


ยังไม่เคยถูกคอมเมนท์

คอมเมนท์ทรัพยากรรายการนี้
  คอมเมนท์: เพชรพระอุมา นาคเ..


 Copyright 2026. Bcnsprnw @Library